LEADER 01492oam 2200385 a 450 001 9910698429103321 005 20230902162108.0 035 $a(CKB)3460000000105411 035 $a(OCoLC)611537444 035 $a(EXLCZ)993460000000105411 100 $a20100505d2010 ua 0 101 0 $aeng 135 $aurbn||||||||| 181 $ctxt$2rdacontent 182 $cc$2rdamedia 183 $acr$2rdacarrier 200 10$aAviation safety$b[electronic resource] $ethe relationship between network airlines and regional airlines : hearing before the Subcommittee on Aviation Operations, Safety, and Security of the Committee on Commerce, Science, and Transportation, United States Senate, One Hundred Eleventh Congress, first session, August 6, 2009 210 1$aWashington :$cU.S. G.P.O.,$d2010. 215 $a1 online resource (iii, 68 pages) $cillustrations 225 1 $aS. hrg. ;$v111-343 300 $aTitle from title screen (viewed on May 5, 2010). 517 $aAviation safety 606 $aAeronautics$zUnited States$xSafety measures 606 $aAirlines$zUnited States$xSafety measures 606 $aLocal service airlines$zUnited States$xSafety measures 615 0$aAeronautics$xSafety measures. 615 0$aAirlines$xSafety measures. 615 0$aLocal service airlines$xSafety measures. 801 0$bGPO 801 1$bGPO 801 2$bGPO 906 $aBOOK 912 $a9910698429103321 996 $aAviation safety$92313029 997 $aUNINA